000 00395nam a2200169Ia 4500
008 230524s9999 xx 000 0 und d
082 _a537
_bSHE
100 _aD.L.Sehagal
245 0 _aElectricity And Magnetism
250 _a6th
260 _aNEW DELHI
_bS. Chand
_c2004
300 _axxii;888
500 _aQuantity Number: 2
650 _aPhysics
700 _a K.L.Chopra
942 _cBK
999 _c8862
_d8862